000 00274nam a2200133Ia 4500
008 221030s9999 xx 000 0 und d
041 _aEnglish
082 _a105.23
100 _aSharvan Khajura/302
245 0 _aEPABX
260 _aJammu
_c2001
650 _aECE
942 _cTH
999 _c18
_d18